|
|
|
|
| LEADER |
00000nam a22000007a 4500 |
| 005 |
20190821003737.0 |
| 007 |
cr|||| |||| |
| 008 |
190821s2016 br |||||s|||| 00||0 por d |
| 020 |
|
|
|a 978-85-68483-18-3
|
| 035 |
|
|
|a 24139
|
| 040 |
|
|
|a vLex
|
| 090 |
|
|
|c 9253
|d 9253
|
| 100 |
1 |
|
|a Pompeu Filho, Cid Tomanik
|
| 245 |
1 |
0 |
|a Gs̀ Natural
|h [Recurso electrn̤ico] :
|b aspectos jurd̕ico-regulatr̤ios /
|c Cid Tomanik Pompeu Filho
|
| 256 |
|
|
|a Servicio en ln̕ea
|
| 260 |
|
|
|a Rio de Janeiro:
|b Synergia Editora,
|c 2016
|
| 300 |
|
|
|a 1 recurso electrn̤ico
|
| 500 |
|
|
|a Acerca da comercializaȯ̂ de gs̀ natural e do serviȯ de distribuiȯ̂ de gs̀ canalizado. Antes de 1988, aos Estados competiam tratar dos assuntos relacionados com o gs̀ canalizado (seja: gs̀ natural, GLP, nafta, etc.), em seu territr̤io. Assim, os Estados executavam diretamente, atravš de empresas pb︢licas, as atividades de comercializaȯ̂ - compra e venda da commodity ́€ e de distribuiȯ̂ (serviȯ pb︢lico) de gs̀ canalizado.Com o advento da Constituiȯ̂ Federal de 1988, houve uma cisô na esfera do gs̀. Ao contrr̀io do que ocorreu na energia elťrica, cuja competn̊cia ficou exclusiva da Uniô, a competn̊cia da matřia gs̀ foi dividida entre os Estados e a Uniô.Os Estados ficaram com a responsabilidade de estabelecer regras para explorar diretamente, ou mediante concessô, os serviȯs locais de distribuiȯ̂ de gs̀ canalizado e a Uniô com a atividade de comercializaȯ̂ (compra e venda) de gs̀ natural.Em 2009, foi sancionada a Lei do Gs̀ Natural (Lei Federal n℗ð 11.909/2009), que incumbiu a Uniô a competn̊cia para legislar e fiscalizar as atividades relativas ̉comercializaȯ̂ de gs̀ natural no territr̤io nacional.Em 2015, os Estados continuam atuando na comercializaȯ̂ do gs̀ natural como se estivessem no pero̕do antecedente ̉Constituiȯ̂ Federal/ 1988, editando normas, fiscalizando, etc., invadindo, assim, a esfera de competn̊cia federal.Com este livro, procuro desmistificar alguns pr-̌conceitos jurd̕icos e regulatr̤ios relacionados ao mercado do gs̀ natural, sobretudo esclarecendo a diferenȧ conceitual existente entre os regimes jurd̕icos do gs̀ natural e do serviȯ de distribuiȯ̂ do gs̀ canalizado.
|
| 506 |
1 |
|
|a Disponible solo en los productos indicados
|d vLex Global
|d vLex Global (Academic Edition, excluding Law Schools)
|d vLex Global (U.S. Academic Edition, Law Schools)
|d vLex Global (U.S. Academic Edition, excluding Law Schools)
|d vLex Global (Academic Edition, Law Schools)
|
| 650 |
0 |
4 |
|a Energa̕
|z Brasil
|
| 650 |
0 |
4 |
|a Recursos y sanciones
|z Brasil
|
| 740 |
0 |
|
|a vLex Libros (Servicio en ln̕ea)
|
| 856 |
4 |
0 |
|u http://vlex.com/source/gas-natural-aspectos-juridico-regulatorios-24139
|z Acceso restringido
|
| 942 |
|
|
|c BOOK
|
| 999 |
0 |
|
|a Energy
|
| 999 |
0 |
|
|a Resources and penalties
|